000 00508cam a22002054a 4500
005 20250605164258.0
008 250528s ||||||||||||||||||||||||d
035 _a21962
020 _a9781471533259
040 _aGR-AtMCL
_bgre
_dGR-AtMCL
_eAACR2
245 1 _aPRESENTATION SKILLS PRACTICE BOOK
250 _a1
260 _bExpress Publishing,
_c2014
300 _a84
700 1 _aDrivas George
_97844
700 1 _aSotiriou Chryssanthe
_97845
942 _cBK
999 _c7018
_d7018